000 02133cam a2200493 i 4500
001 20698090
003 OSt
005 20241031091208.0
008 181004s2019 njua b 001 0 eng
010 _a 2018047535
020 _a9780470552209
_q(hardcover)
035 _a(DNLM)101735377
040 _aDNLM/DLC
_cDLC
_erda
_dDLC
042 _apcc
050 0 0 _aR895
_b.H4 2019
060 1 0 _aWN 110
080 _a615.849
_bS-19
082 0 0 _a616.07/54
_223
100 1 _aSamei, Ehsan,
_eauthor.
245 1 0 _aHendee's physics of medical imaging /
_cEhsan Samei, Donald J. Peck.
246 1 _aPhysics of medical imaging
250 _aFifth edition.
260 _aHoboken, NJ :
_bJohn Wiley & Sons, Inc.,
_c2019.
300 _axxii, 468 pages :
_bcolor illustrations ;
_c29 cm
336 _atext
_2rdacontent
337 _aunmediated
_2rdamedia
338 _avolume
_2rdacarrier
500 _aPreceded by Medical imaging physics / William R. Hendee, E. Russell Ritenour. 4th ed. 2002.
504 _aIncludes bibliographical references and index.
505 0 _aIntroduction : the role of imaging in medicine -- Physics of radiation and matter -- Anatomy, physiology, and pathology in imaging -- Imaging science -- Radiobiology, dosimetry and protection -- Imaging operation and infrastructure -- Projection X-ray imaging -- Volumetric X-ray imaging -- Nuclear medicine -- Ultrasonography -- Magnetic resonance imaging.
650 1 2 _aBiophysics
650 1 2 _aDiagnostic Imaging
650 2 2 _aNuclear Medicine
650 2 2 _aRadiobiology
650 2 2 _aUltrasonics
653 _aბიოფიზიკა
653 _aრადიოლოგია
700 1 _aPeck, Donald J.
_q(Donald Joseph),
_d1961-
_eauthor.
700 1 _aHendee, William R.
_tMedical imaging physics.
_iPreceded by:
776 0 8 _iOnline version:
_aSamei, Ehsan, author.
_tHendee's physics of medical imaging
_bFifth edition.
_dHoboken, NJ : John Wiley & Sons, Inc., 2019
_z9781118671061
_w(DLC) 2018048460
906 _a7
_bcbc
_corignew
_d1
_eecip
_f20
_gy-gencatlg
942 _2udc
_cBK
_e5
999 _c83
_d83